000 00533nam a2200193Ia 4500
003 GCL
008 140319s9999 xx 000 0 eng d
040 _aGCL /
_cGCL
082 0 4 _a620.106
_bM F
100 1 _aOKIISHI, THEODORE H.
245 1 0 _aFUNDAMENTALS OF FLUID MECHANICS /
_cOKIISHI, THEODORE H.
700 1 _aYOUNG, DONALD F.
700 1 _aMUNSON, BRUCE R.
260 _a[S.N] :
_bJOHN WILEY AND SONS. INC ،
_c1990
300 _a843 P
650 0 4 _aالتحليل الرياضى
650 0 4 _aFLUIDS
942 _2ddc
_cBK
999 _c18584
_d18584